000 00277nam a22001337a 4500
020 _a0-7214-0875-3
082 _a823
_bDIS/C
100 _aDISNEY, WALT
245 _aCINDRELLA
260 _aENGLAND
_bLADYBIRD
300 _a43
650 _aENGLISH SHORT STORY
_zUK
942 _cBK
999 _c3742
_d3742